Künstlernamen von Stars (Sudden Death) - Statistiken

Allgemein
  • Dieses Quiz wurde 563 mal gespielt
  • Das Durchschnittsergebnis liegt bei 3 aus 12
Answers on the Grid
Answers color-coded by a green-red scale on the quiz's grid according to % correct below.
Vernona Pooth
Sido
Michael Jackson
Elton John
Mark Forster
Elyas M’Barek
Astrid Lindgren
Till Lindemann
Dua Lipa
Tina Turner
Marilyn Monroe
Natalie Portman
Karl Lagerfeld
Stefan Raab
Harry Styles
Coco Chanel
Taylor Swift
Jeremy Fragrance
Bruno Mars
Kai Pflaume
Dieter Bohlen
Felix Lobrecht
Ella Endlich
Micaela Schäfer
Britney Spears
Whitney Houston
Thomas Anders
Stephen King
Albert Einstein
Leonardo DiCaprio
Karl Marx
Conchita Wurst
Max Giesinger
 
Antwortstatistiken
Antwort % Korrekt
Sido
90%
Mark Forster
48%
Conchita Wurst
34%
Elton John
34%
Marilyn Monroe
22%
Jeremy Fragrance
21%
Bruno Mars
19%
Ella Endlich
16%
Coco Chanel
15%
Tina Turner
14%
Thomas Anders
11%
Natalie Portman
8%
Keine übereinstimmenden Quizze gefunden
Verteilung der Resultate
Anzahl Personen mit jedem Resultat
Perzentil nach korrekt beantworteten Fragen
Ihre Resultats-Entwicklung
Sie haben dieses Quiz noch nicht gespielt